| 000 | 01239 a2200241 4500 | ||
|---|---|---|---|
| 001 | 60519 | ||
| 005 | 20260407155856.0 | ||
| 008 | 260407a1998 arg spa d | ||
| 003 | AR-UNSa-BCEJYS | ||
| 040 |
_aAR-UNSa-BCEJYS _bspa _cAR-UNSa-BCEJYS |
||
| 080 |
_a304.4 _xAspectos generales de las políticas y prácticas sociales y culturales (política social) |
||
| 245 | 1 | 0 |
_aLa nueva oscuridad de la politica social _pDel estado populista al neoconservador |
| 020 | _a978-950-9467-33-0 | ||
| 250 | _a2a. ed. | ||
| 264 | 1 |
_aBuenos Aires : _bMiño y Dávila _c1998 |
|
| 300 |
_a362 p. _c20 cm. |
||
| 505 | _a1. ¿La nueva oscuridad? Estado de bienestar, crisis de integración social y democracia / Rubén Lo Vuolo - 2. Las políticas sociales en la Argentina contemporánea / Rubén Lo Vuolo y Alberto Barbeito – 3. Crisis de integración social y retracción del estado de Bienestar en Argentina / Rubén Lo Vuolo – 4. Gato publico social y retracción del Estado de Bienestar / Alberto Barbeito – 5. Conflictos actuales y escenarios futuros de la política social / Rubén Lo Vuolo | ||
| 041 | _aspa | ||
| 942 | _cBK | ||
| 590 | _aniveau_biblio:m niveau_hierar:0 | ||
| 100 | 1 | _aLo Vuolo, Rubén | |
| 700 | 1 | _aBarbeito, Alberto | |
| 999 |
_c7029 _d7029 |
||